Dlhodobé trendy a výzvy globálnej ekonomiky diplomová práca

Salvato in:
Dettagli Bibliografici
Autore principale: Kosovská, Barbora
Ente Autore: Národohospodárska fakulta EU. Katedra financií
Altri autori: Brocková, Ingrid
Natura: Libro
Lingua:slovacco
Pubblicazione: Bratislava 2016
Tags: Aggiungi Tag
Nessun Tag, puoi essere il primo ad aggiungerne!!

MARC

LEADER 00000nbm a2200000 4500
001 0217955
005 20170104124609.8
041 0 |a slo 
044 |a SK 
245 1 0 |a Dlhodobé trendy a výzvy globálnej ekonomiky  |b diplomová práca  |c Barbora Kosovská ; školiteľ: Ingrid Brocková 
264 1 |a Bratislava  |c 2016 
300 |a 105 s. 
100 1 |a Kosovská, Barbora 
700 1 |a Brocková, Ingrid 
710 2 |a Národohospodárska fakulta EU. Katedra financií